|
|
|
|
| LEADER |
00000cam a2200000 i 4500 |
| 001 |
1/86483 |
| 008 |
961127s1973 eng d |
| 020 |
|
|
|a 0-903729-01-6
|
| 035 |
|
|
|l 10006508
|
| 040 |
|
|
|a GR-MY-UA
|b gre
|e aacr
|
| 041 |
0 |
|
|a eng
|
| 082 |
0 |
|
|a 306
|
| 245 |
1 |
0 |
|a Anthropology and the colonial encounter /
|c Edited by Talal Asad
|
| 260 |
|
|
|a [London] :
|b Ithaca ,
|c [1973]
|
| 300 |
|
|
|a 281 p;
|c 23 cm
|
| 500 |
|
|
|a Papers presented at a seminar held in Hull in Sept. 1972
|
| 504 |
|
|
|a Includes bibliographical references and index
|
| 650 |
0 |
0 |
|a Ethnology
|x History.
|
| 650 |
0 |
0 |
|a Applied anthropology.
|
| 651 |
|
0 |
|a Great Britain
|x Colonies.
|
| 700 |
1 |
|
|a Asad, Talal.
|4 edt
|
| 852 |
|
|
|a INST
|b LESVOS
|e 19961127
|h 306 ANT
|p 005100012371
|q 005100012371
|t BK
|y 0
|
| 909 |
|
|
|a Λ
|b 009486
|